[Event "Amsterdam m"]
[Site "Amsterdam"]
[Date "1971.??.??"]
[Round "8"]
[White "Ree, Hans"]
[Black "Donner, Jan Hein"]
[Result "1-0"]
[WhiteElo "2430"]
[BlackElo "2500"]

1.c4 Nf6 2.Nf3 g6 3.g3 Bg7 4.Bg2 O-O 5.O-O d6 6.Nc3 e5 7.d4 Nbd7 8.b3 Re8
9.Qc2 c6 10.Rd1 e4 11.Ng5 e3 12.fxe3 Ng4 13.e4 Nf8 14.Nf3 Qe7 15.h3 Nf6 16.e3 Bh6
17.Qe2 Nxe4 18.Nxe4 Qxe4 19.Ne5 Qf5 20.Rf1 Qe6 21.Nxf7 Bxe3+ 22.Bxe3 Qxe3+
23.Qxe3 Rxe3 24.Kh2 Rd3 25.d5 cxd5 26.cxd5 b6 27.Nxd6 Ba6 28.Rf2 Rd8 29.Nf7 R8xd5
30.Bxd5 Rxd5 31.Re1 Rd7 32.Nh6+ Kg7 33.Re8 Kxh6 34.Rexf8 Rd1 35.R8f7 Bb5
36.g4 Bc6 37.h4 a5 38.Rc7 Bd5 39.Kg3 Rd3+ 40.Kf4 Bg8 41.Ke4 Rd8 42.Rf6 Rb8
43.Rcc6  1-0

[Event "Hastings7172"]
[Site "Hastings"]
[Date "1971.??.??"]
[Round "11"]
[White "Keene, Raymond D"]
[Black "Pfleger, Helmut"]
[Result "1/2-1/2"]
[WhiteElo "2465"]
[BlackElo "2515"]

1.Nf3 Nf6 2.g3 g6 3.c4 Bg7 4.Bg2 O-O 5.O-O c6 6.d4 d5 7.cxd5 cxd5 8.Nc3 Ne4
9.Ne5 Nxc3 10.bxc3 Nc6 11.Nxc6 bxc6 12.Qa4 Qb6 13.Ba3 Qa6 14.Qxa6 Bxa6  1/2-1/2

[Event "CSR-ch"]
[Site "Luhacovice"]
[Date "1971.??.??"]
[Round "10"]
[White "Liebert, Heinz"]
[Black "Honfi, Karoly"]
[Result "1/2-1/2"]
[WhiteElo "2420"]
[BlackElo "2435"]

1.c4 Nf6 2.Nf3 g6 3.g3 Bg7 4.Bg2 O-O 5.O-O d6 6.Nc3 Nc6 7.d4 Bg4 8.d5 Na5
9.b3 Qd7 10.Re1 c5 11.Bb2 a6 12.Qc2 b5 13.Nd2 bxc4 14.bxc4 Rab8 15.Nd1 Bh3
16.Bc3 Bxg2 17.Kxg2 Nb7 18.e4 e5 19.Nb2 Nh5 20.f3 f5 21.Nd3 Nd8 22.Rab1 Nf7
23.Rxb8 Rxb8 24.Nf2 Bh6 25.Nf1 Nf6 26.exf5 Qxf5 27.Qxf5 gxf5 28.f4 Nd7 29.Ne3 exf4
30.Nxf5 fxg3 31.Ng4 Bf8 32.hxg3 h5 33.Nge3 Ng5 34.Nf1 Kf7 35.Nd2 Re8 36.Rxe8 Kxe8
37.Kf2 Kf7 38.Ke2 Nf6 39.Kd3 Kg6 40.Nh4+ Kf7 41.Ng2 Nh3 42.Bxf6 Kxf6 43.Ne4+ Kf5
44.Nh4+ Kg4 45.Ng6 Bg7 46.Nxd6 Nf2+ 47.Kc2 Bf6 48.Ne8 Bg5 49.Ng7 Ne4 50.Kd3 Nxg3
51.d6 h4 52.Nxh4 Bxh4 53.Ne6 Kf5 54.Nxc5 Ke5 55.d7 Kd6 56.Nxa6 Kxd7  1/2-1/2

[Event "CSR-ch"]
[Site "Luhacovice"]
[Date "1971.??.??"]
[Round "13"]
[White "Kolarov, Atanas S"]
[Black "Hlousek, Zdenek"]
[Result "1/2-1/2"]
[WhiteElo "2435"]
[BlackElo "2380"]

1.Nf3 Nf6 2.c4 g6 3.g3 Bg7 4.Bg2 O-O 5.O-O d5 6.cxd5 Nxd5 7.Nc3 Nxc3 8.bxc3 c5
9.Qc2 Qc7 10.d3 Nc6 11.Be3 Ne5 12.Nxe5 Bxe5 13.Rab1 Rb8 14.Qb2 b6 15.d4 Bg7
16.Qa3 Bf5 17.Rbc1 Rbc8 18.Bg5 f6 19.Bd2 Be6 20.d5 Bf7 21.c4 e6 22.e4 f5
23.exf5 exd5 24.fxg6 hxg6 25.cxd5 Qd7 26.Bc3 Bxc3 27.Qxc3 b5 28.Rfe1 Qd6
29.Qd2 c4 30.Qd4 Qc5 31.Qg4 Kg7 32.Be4 Rcd8 33.h4 Rd6 34.Re3 Rf6 35.Qg5 Be8
36.Qe5 Kg8 37.Qg5 Rxf2 38.Bxg6 Bxg6 39.Qxg6+ Kh8 40.Qh6+ Kg8 41.Qg6+ Kh8
42.Qh5+ Kg8 43.Qg5+ Kh8 44.Rce1 R2f5 45.Qh6+ Kg8 46.Kh2 Qd4 47.Re7 Rf2+ 48.Kh3 Rh2+
49.Kxh2 Qf2+ 50.Kh3 Qf5+  1/2-1/2

[Event "Rubinstein mem"]
[Site "Polanica Zdroj"]
[Date "1971.??.??"]
[Round "8"]
[White "Schmidt, Wlodzimierz"]
[Black "Troianescu, Octavio"]
[Result "1-0"]
[WhiteElo "2450"]
[BlackElo "2330"]

1.Nf3 Nf6 2.g3 g6 3.c4 Bg7 4.Bg2 O-O 5.d4 d6 6.O-O Nc6 7.Nc3 Bg4 8.d5 Na5
9.Nd2 c5 10.h3 Bd7 11.Qc2 a6 12.b3 b5 13.Bb2 Rb8 14.Rab1 Qc7 15.e4 e6 16.Nd1 bxc4
17.bxc4 exd5 18.cxd5 Rfe8 19.Ne3 Rb4 20.Bc3 Ba4 21.Qc1 Rxb1 22.Qxb1 Bb5 23.Rc1 Nh5
24.Bxg7 Nxg7 25.Ng4 Nh5 26.Qb2 h6 27.Nxh6+ Kh7 28.Ng4 Qe7 29.a4 Be2 30.Ne3 Qc7
31.Qc3 c4 32.Bf1 Bxf1 33.Rxf1 Rc8 34.Rb1 Qd8 35.Ng4 Rc5 36.Nf3 Nb3 37.e5 Na5
38.Qe3 Rxd5 39.Qh6+ Kg8 40.Nf6+ Nxf6 41.exf6  1-0

[Event "Hoogovens-B"]
[Site "Wijk aan Zee"]
[Date "1971.??.??"]
[Round "?"]
[White "Timman, Jan H"]
[Black "Ciocaltea, Victor"]
[Result "1/2-1/2"]
[WhiteElo "2410"]
[BlackElo "2460"]

1.Nf3 Nf6 2.c4 g6 3.g3 Bg7 4.Bg2 O-O 5.O-O d6 6.d4 Nc6 7.Nc3 Bg4 8.d5 Na5
9.Nd2 c5 10.h3 Bd7 11.Qc2 e5 12.b3 Nh5 13.e4 f5 14.exf5 gxf5 15.Bb2 a6 16.Nd1 b5
17.Kh2 Bh6 18.Bf3 Nf6 19.Be2 Qe8 20.Ne3 Bxe3 21.fxe3 Qg6 22.Rf3 Rf7 23.Raf1 Raf8
24.a3 Nb7 25.b4 h5 26.cxb5 axb5 27.bxc5 Nxc5 28.Bxe5 dxe5 29.Qxc5 Rc8 30.Qb4 Nxd5
31.Qb2 Nc3 32.Bd3 Rg7 33.e4 f4 34.Bc4+ Rxc4 35.Nxc4 Na4 36.Qxe5 bxc4 37.Qxf4 Kh7
38.Rd1 Nc5 39.Rd6 Ne6 40.Qe5 Ng5 41.Rf4 Nf7 42.Qxg7+ Qxg7 43.Rxd7 Kg8 44.e5 Qg6
45.Rxc4 Qf5 46.Rc8+  1/2-1/2

[Event "Islington op"]
[Site "Islington"]
[Date "1972.12.17"]
[Round "5"]
[White "De Villiers, Charles"]
[Black "Melville, A."]
[Result "0-1"]
[WhiteElo "2200"]
[BlackElo "2024"]

1.Nf3 Nf6 2.c4 g6 3.g3 Bg7 4.Bg2 O-O 5.d4 d5 6.cxd5 Nxd5 7.e4 Nb6 8.h3 c5
9.d5 e6 10.dxe6 Qxd1+ 11.Kxd1 Bxe6 12.Nc3 Na6 13.a3 Bb3+ 14.Ke2 Bc4+ 15.Ke1 Rfe8
16.Be3 Bd3 17.Nd2 Rad8 18.Rc1 Bd4 19.Nd1 c4 20.Bxd4 Rxd4 21.f3 Nc5 22.Kf2 f5
23.Nc3 Bxe4 24.Ndxe4 fxe4 25.Nxe4 Nxe4+ 26.fxe4 Rd2+ 27.Kg1 Rxb2 28.Kh2 Rxe4
29.Rhe1  0-1

[Event "WchT U26"]
[Site "Graz"]
[Date "1972.??.??"]
[Round "1"]
[White "Huebner, Robert"]
[Black "Kirilov, N."]
[Result "1/2-1/2"]
[WhiteElo "2590"]
[BlackElo "2365"]

1.c4 Nf6 2.Nf3 g6 3.g3 Bg7 4.Bg2 O-O 5.O-O d5 6.cxd5 Nxd5 7.Nc3 c5 8.Nxd5 Qxd5
9.d3 Qd6 10.Nd2 Qc7 11.Rb1 Nc6 12.a3 Be6 13.Ne4 Qb6 14.Be3 Nd4 15.b4 c4 16.Nc5 cxd3
17.exd3 Bc8 18.Re1 a5 19.Nb3 a4 20.Nxd4 Bxd4 21.Bxd4 Qxd4 22.Rxe7 Rd8 23.Rc1 Bg4
24.Qd2 Rac8 25.Rce1 Be6 26.Bxb7 Rc3 27.Qg5 Rc2 28.Rf1 Ra2 29.Be4 Rxa3 30.h4 Ra1
31.Rxa1 Qxa1+ 32.Kg2 Rc8 33.Bb7 Rc1 34.h5 Kf8 35.hxg6 hxg6 36.Rxe6 fxe6 37.Qd8+ Kg7
38.Qe7+ Kh8 39.Qh4+ Kg8 40.Qd8+ Kh7 41.Qh4+ Kg7 42.Qe7+  1/2-1/2

[Event "WchT U26"]
[Site "Graz"]
[Date "1972.??.??"]
[Round "3"]
[White "Velikov, Petar"]
[Black "Perkins, Alan H"]
[Result "0-1"]
[WhiteElo "2335"]
[BlackElo "2305"]

1.Nf3 Nf6 2.c4 g6 3.g3 Bg7 4.Bg2 O-O 5.Nc3 d6 6.d4 Nbd7 7.O-O e5 8.h3 c6
9.e4 Qb6 10.d5 Nc5 11.Nd2 Bd7 12.Nb3 Nxb3 13.Qxb3 Qc7 14.Be3 c5 15.Nb5 Qb8
16.a4 a6 17.Nc3 b6 18.f4 Nh5 19.Kh2 f5 20.Rae1 Qc7 21.exf5 exf4 22.gxf4 Bxf5
23.Ne4 h6 24.Bd2 Rae8 25.a5 bxa5 26.Qa4 Bxb2 27.Bxa5 Qb8 28.Re3 Bxe4 29.Bxe4 Bd4
30.Rb3 Rxe4  0-1

[Event "Hastings7273"]
[Site "Hastings"]
[Date "1972.??.??"]
[Round "8"]
[White "Barcza, Gedeon"]
[Black "Tukmakov, Vladimir B"]
[Result "0-1"]
[WhiteElo "2465"]
[BlackElo "2560"]

1.Nf3 Nf6 2.c4 g6 3.g3 Bg7 4.Bg2 O-O 5.d4 d6 6.Nc3 c6 7.h3 Nbd7 8.O-O e5
9.dxe5 dxe5 10.Be3 Qe7 11.Qb3 Re8 12.Rad1 Nc5 13.Qa3 Bf8 14.b3 a5 15.Bxc5 Qxc5
16.Qxc5 Bxc5 17.Na4 Bf8 18.Nb6 Rb8 19.Nxc8 Rbxc8 20.Ne1 Rcd8 21.Nc2 Nd7 22.Rd2 Nc5
23.Rfd1 Rxd2 24.Rxd2 f5 25.Kf1 Kf7 26.Ke1 Bg7 27.Kd1 e4 28.Kc1 Bh6 29.e3 Nd3+
30.Kb1 Bg7 31.f3 exf3 32.Bxf3 Nc5 33.g4 fxg4 34.Bxg4 h5 35.Bf3 Bh6 36.Rf2 Kg7
37.Rg2 Kh7 38.Re2 Rf8 39.Bg2 Rd8 40.Kc1 Nd3+ 41.Kb1 Nc5 42.Kc1 Rd3 43.Ne1 Rxe3
44.Rxe3 Bxe3+ 45.Kd1 Bf2 46.Nc2 Kg7 47.Ke2 Bg3 48.Ke3 Kf6 49.Nd4 Be5 50.Nf3 Bc3
51.Ng1 a4 52.bxa4 Nxa4 53.Nf3 Bb4 54.h4 Nc3 55.Bh3 Nxa2 56.Bc8 b6 57.Bd7 Bc5+
58.Ke4 Nb4 59.Ne5 Bf2 60.Nxc6 Na6 61.Bc8 Nc5+ 62.Kf3 Bxh4 63.Nb4 Ke5 64.Nd5 Bd8
65.Nf4 Kf6 66.Nd5+ Kg7 67.Nf4 Bc7 68.Nd5 Bd8 69.Nf4 Kf7 70.Bh3 Na6 71.Bf1 Nb4
72.Ke4 Be7 73.Be2 Bc5 74.Bd1 Kf6 75.Ba4 h4 76.Bd7 g5 77.Ne2 Nc2 78.Nc3 Ne3
79.Kf3 Nxc4 80.Ne4+ Kg6 81.Be8+ Kh6 82.Nf6 Nd6 83.Ba4 b5 84.Bc2 Bd4 85.Nd5 Kh5
86.Bd3 Be5 87.Ne3 b4 88.Bc2 Bd4 89.Nd5 g4+ 90.Kf4 h3 91.Bd1 h2 92.Bxg4+ Kh6
93.Bf3 b3  0-1

[Event "Skopje ol (Men) fin-A"]
[Site "Skopje"]
[Date "1972.??.??"]
[Round "1"]
[White "Jakobsen, Ole"]
[Black "Smejkal, Jan"]
[Result "1/2-1/2"]
[WhiteElo "2440"]
[BlackElo "2545"]

1.Nf3 g6 2.c4 Nf6 3.g3 Bg7 4.Bg2 O-O 5.O-O d5 6.cxd5 Nxd5 7.Nc3 Nb6 8.d3 Nc6
9.Bd2 h6 10.Rb1 a5 11.Na4 e5 12.a3 Nxa4 13.Qxa4 Bd7 14.Qc2 Be6 15.b3 Qd7
16.Rfc1 Rfc8 17.Qd1 Ra7 18.Rc5 Qd6 19.Rbc1 Ne7 20.d4 b6 21.dxe5 Qd8 22.R5c3 c5
23.Rd3 Rd7 24.Rxd7 Qxd7 25.Rc3 Nc6 26.Rd3 Qc7 27.Bc3 Nxe5 28.Nxe5 Bxe5 29.Bxe5 Qxe5
30.Bd5 Bf5 31.e4 Bxe4  1/2-1/2

[Event "Skopje ol (Men) prel"]
[Site "Skopje"]
[Date "1972.??.??"]
[Round "2"]
[White "Clua Ballague, M."]
[Black "Pustina, Ylvi"]
[Result "0-1"]
[WhiteElo "2200"]
[BlackElo "2280"]

1.c4 Nf6 2.Nf3 g6 3.g3 Bg7 4.Bg2 O-O 5.O-O d6 6.Nc3 e5 7.d3 Nc6 8.Rb1 d5
9.cxd5 Nxd5 10.Nxe5 Nxc3 11.Nxc6 Nxd1 12.Nxd8 Nxf2 13.Nxb7 Ng4 14.e3 Rb8
15.Nc5 Bh6 16.Re1 Re8 17.h3 Rxe3 18.Bxe3 Bxe3+ 19.Rxe3 Nxe3 20.g4 Rb5 21.Ne4 Kg7
22.Kf2 Nxg2 23.Kxg2 Bb7 24.Kg3 Bxe4 25.dxe4 Rc5 26.Rf1 a5 27.Rf2 a4 28.a3 h5
29.gxh5 Rxh5 30.Rc2 Rb5 31.Rc4 Rxb2 32.Rxa4 Rc2 33.Ra8 Kf6 34.a4 Ke5 35.Re8+ Kd6
36.Rd8+ Ke7 37.Ra8 Rc4 38.Kf3 Rc3+ 39.Kg4 Re3 40.Kf4 Rxh3 41.a5 Ra3 42.a6 Ra4
43.Ke5 Ra5+ 44.Kf4 f6 45.Kg4 Ra4 46.Kf3 Kf7 47.Ra7 Ke6 48.Ra8 Ke7 49.Ra7 Kd7
50.Ra8 g5 51.Ra7 Kd6 52.Ra8 Ke7 53.Ra7 Ke6 54.Ra8 Kf7 55.Ra7 Kg6 56.Ra8 Kf7
57.Ra7 Ke6 58.Ra8 Kd7 59.Ra7 Ra3+ 60.Kg4 Re3 61.Kf5 Rf3+ 62.Kg6 Rf4 63.Ra8 Rxe4
64.Kxf6 g4 65.a7 Ra4 66.Rg8 Rxa7 67.Rxg4 Ra6+ 68.Ke5 Ra5+ 69.Kf6 Kd6 70.Rd4+ Rd5
71.Rc4 c5 72.Rc1 Rd2 73.Kf5 Kd5 74.Kf4 Kd4 75.Kf3 c4 76.Ra1 Kd3 77.Ra8 c3
78.Rd8+ Kc2 79.Rc8 Rd7 80.Ke3 Re7+ 81.Kd4 Kd2 82.Kc4 c2  0-1

[Event "Skopje ol (Men) prel"]
[Site "Skopje"]
[Date "1972.??.??"]
[Round "5"]
[White "Raizman, Maurice"]
[Black "Escondrillas, Carlos"]
[Result "1-0"]
[WhiteElo "2200"]
[BlackElo "2200"]

1.Nf3 Nf6 2.c4 g6 3.g3 Bg7 4.Bg2 O-O 5.d4 d6 6.O-O Nbd7 7.Nc3 Re8 8.e4 e5
9.Re1 c6 10.h3 Qb6 11.d5 c5 12.Be3 a6 13.Qd2 Qd8 14.Bg5 Nf8 15.Nh4 Bd7 16.Rf1 b5
17.b3 Qc8 18.Kh2 Nh5 19.Rae1 b4 20.Nd1 a5 21.g4 Nf4 22.Bxf4 exf4 23.Nf3 Be5
24.Nxe5 dxe5 25.Nb2 a4 26.Nd3 Qc7 27.Qb2 g5 28.Rd1 Qd6 29.Ne1 f6 30.Nf3 Ra6
31.Ra1 axb3 32.axb3 Rea8 33.Rxa6 Qxa6 34.Rb1 h5 35.gxh5 Be8 36.h6 Bh5 37.Ne1 Kh7
38.Bf3 Bxf3 39.Nxf3 Kxh6 40.Kg2 Nd7 41.Qd2 Qd6 42.Nh2 Nb6 43.Ng4+ Kg6 44.Rb2 Nc8
45.Ra2 Qb8 46.Rxa8 Qxa8 47.d6 Nb6 48.d7 Qd8 49.Qd6 Kf7 50.Nxf6 Kg7 51.Qxe5 f3+
52.Kg3 Kh6 53.Ng4+ Kh7 54.Qe8 Qxd7 55.Nf6+  1-0

[Event "Skopje ol (Men) fin-A"]
[Site "Skopje"]
[Date "1972.??.??"]
[Round "5"]
[White "Liebert, Heinz"]
[Black "Tal, Mihail"]
[Result "0-1"]
[WhiteElo "2400"]
[BlackElo "2625"]

1.Nf3 Nf6 2.c4 g6 3.g3 Bg7 4.Bg2 O-O 5.O-O d6 6.d4 Nc6 7.Nc3 Bg4 8.h3 Bxf3
9.Bxf3 Nd7 10.e3 e5 11.d5 Ne7 12.e4 f5 13.Bg2 Nf6 14.exf5 gxf5 15.f4 Nd7
16.Kh2 Ng6 17.Be3 Kh8 18.Qd2 exf4 19.gxf4 Qh4 20.Rae1 Rf7 21.Ne2 Rg8 22.Nd4 Nde5
23.fxe5 Bxe5+ 24.Kg1 Qg3 25.Nf3 Nh4 26.Nxh4 Qh2+ 27.Kf2 Bg3+ 28.Kf3 Bxh4
29.Bd4+ Bf6 30.Qf2 Be5 31.Rh1 Qf4+ 32.Ke2 Qxd4 33.Qxd4 Bxd4 34.Bf3 Rg3 35.b3 Bc5
36.Ref1 Re7+ 37.Kd2 Re3 38.Bd1 Rg2+ 39.Kc1 Rc3+ 40.Kb1 Ba3  0-1

[Event "Skopje ol (Men) fin-D"]
[Site "Skopje"]
[Date "1972.??.??"]
[Round "9"]
[White "Stull, Norbert"]
[Black "Al Jassani"]
[Result "1-0"]
[WhiteElo "2200"]
[BlackElo "2200"]

1.c4 Nf6 2.Nf3 g6 3.g3 Bg7 4.Bg2 O-O 5.O-O d6 6.Nc3 Nc6 7.d4 e5 8.d5 Ne7
9.e4 h6 10.Ne1 Kh8 11.Nd3 Nh7 12.Be3 g5 13.f4 exf4 14.gxf4 gxf4 15.Nxf4 Ng6
16.Bd4 Ne5 17.Nh5 Bg4 18.Bxe5 Bxd1 19.Bxg7+ Kg8 20.Raxd1 Re8 21.Rf5 c6 22.Rdf1 Re7
23.R1f3 Qb6+ 24.Kh1 Qxb2 25.Rg3 Rd7 26.Bxh6+ Kh8 27.Bg7+ Kg8 28.e5 dxe5 29.Ne4 f6
30.Bxf6+  1-0

[Event "Skopje ol (Men) fin-A"]
[Site "Skopje"]
[Date "1972.??.??"]
[Round "13"]
[White "Enklaar, Bertus F"]
[Black "Gereben, Erno"]
[Result "1/2-1/2"]
[WhiteElo "2410"]
[BlackElo "2335"]

1.Nf3 Nf6 2.c4 g6 3.g3 Bg7 4.Bg2 O-O 5.O-O d6 6.Nc3 Nc6 7.Rb1 e5 8.d3 Bg4
9.h3 Bf5 10.e4 Bc8 11.b4 Nd7 12.Nd5 Nd4 13.Nxd4 exd4 14.Nf4 a5 15.a3 axb4
16.axb4 Nb6 17.Bb2 Na4 18.Ba1 Nc3 19.Bxc3 dxc3 20.Qb3 Bd7 21.b5 c6 22.Rfc1 Qg5
23.bxc6 Bxc6 24.Ra1 h5 25.h4 Qc5 26.Ne2 Rxa1 27.Rxa1 Kh7 28.Ra2 b5 29.Nxc3 bxc4
30.dxc4 Bd4 31.Nd1 Rc8 32.Qd3 Rb8 33.Rd2 Be5 34.Ne3 Rb2 35.Rxb2 Bxb2 36.Nd5 Bxd5
37.cxd5 Bd4 38.Qf3 Kg7 39.Bh3 Qc3 40.Qxc3 Bxc3  1/2-1/2

[Event "Skopje ol (Men) fin-B"]
[Site "Skopje"]
[Date "1972.??.??"]
[Round "15"]
[White "Estevez Morales, Guillermo"]
[Black "Skalkotas, Nikolaos"]
[Result "0-1"]
[WhiteElo "2395"]
[BlackElo "2245"]

1.Nf3 Nf6 2.c4 g6 3.g3 Bg7 4.Bg2 O-O 5.O-O c5 6.Nc3 Nc6 7.d4 cxd4 8.Nxd4 Nxd4
9.Qxd4 d6 10.Qd2 a6 11.b3 Rb8 12.a4 Nd7 13.Bb2 Nc5 14.Qc2 a5 15.Rfd1 Be6
16.Rab1 Qb6 17.Nb5 Bf5 18.e4 Bxb2 19.Rxb2 Bd7 20.Qe2 Bxb5 21.axb5 e5 22.Qe3 Qc7
23.Rbd2 Rbd8 24.Bh3 b6 25.Rd5 Rfe8 26.f3 Re7 27.Qc3 Rde8 28.b4 axb4 29.Qxb4 Kg7
30.Qd2 Nb3 31.Qc3 Nd4 32.Bf1 f6 33.f4 Kg8 34.R5xd4 exd4 35.Qxd4 Kf7 36.Bg2 Re6
37.Bh3 R6e7 38.Bg2 Re6 39.Bh3 R6e7 40.Bg2  0-1

[Event "CSR-ch"]
[Site "Trinec"]
[Date "1972.??.??"]
[Round "3"]
[White "Meduna, Eduard"]
[Black "Kubicek, Antonin"]
[Result "1-0"]
[WhiteElo "2285"]
[BlackElo "2240"]

1.Nf3 Nf6 2.c4 g6 3.g3 Bg7 4.Bg2 O-O 5.O-O d5 6.cxd5 Nxd5 7.Nc3 Nb6 8.d3 Nc6
9.a4 a5 10.Be3 Nd4 11.Nxd4 Bxd4 12.Bxd4 Qxd4 13.Qc1 c6 14.Qg5 f6 15.Qh6 Be6
16.h4 Rf7 17.Rfc1 Nd7 18.Ne4 Qxb2 19.Qe3 Qe5 20.Rab1 Rb8 21.Qa7 Bd5 22.Rxb7 Rxb7
23.Qxb7 Nf8 24.Qb6 Ne6 25.e3 Rf8 26.Qxa5 Rb8 27.Qc3 Qh5 28.Qd2 f5 29.Nc5 Bxg2
30.Kxg2 Nc7 31.Qa2+ Kg7 32.Ne6+ Nxe6 33.Qxe6 Rb7 34.Qxc6 Rb3 35.Qd5 Ra3 36.Qc5 Rxa4
37.Qxe7+  1-0

[Event "Hoogovens-B"]
[Site "Wijk aan Zee"]
[Date "1972.??.??"]
[Round "?"]
[White "Lehmann, Heinz Dr"]
[Black "Gereben, Erno"]
[Result "1-0"]
[WhiteElo "2395"]
[BlackElo "2335"]

1.Nf3 Nf6 2.c4 g6 3.g3 Bg7 4.Bg2 O-O 5.d4 d5 6.O-O c6 7.b3 Bf5 8.Bb2 Qc8
9.Re1 Bh3 10.Bh1 h6 11.Nc3 Rd8 12.Rc1 e6 13.Ne5 dxc4 14.bxc4 Nbd7 15.Nd3 Nb6
16.Nb1 Nh7 17.e3 g5 18.Nd2 Bf5 19.Ne4 Nf6 20.Nxf6+ Bxf6 21.Nc5 Bg7 22.Qb3 Nd7
23.Nxb7 Rb8 24.Nxd8 Rxb3 25.Nxc6 Qa6 26.axb3 Bf8 27.c5 Qa2 28.Bc3 Nf6 29.e4 Bh3
30.Ne5 Qxb3 31.Re2 Ng4 32.Nxg4 Bxg4 33.Rb2 Qa3 34.Rbb1 e5 35.Bb4 Qd3 36.d5 a5
37.Bxa5 Bxc5 38.Bb6 Bxb6 39.Rxb6 Qd2 40.Rcb1 h5 41.Bg2 Kg7 42.R6b2 Qd4 43.h3 Bd7
44.Rb7 Be8 45.Bf3 h4 46.gxh4 gxh4 47.Rd1 Qc3 48.Kg2 Ba4 49.Rg1 Qd4 50.Rc1 Qd2
51.Rcc7 Be8 52.Re7 Qg5+ 53.Bg4 Kf8 54.d6 f5 55.Rb8  1-0

[Event "IBM-B"]
[Site "Amsterdam"]
[Date "1973.??.??"]
[Round "3"]
[White "Keene, Raymond D"]
[Black "Scholl, Eduard C"]
[Result "1-0"]
[WhiteElo "2445"]
[BlackElo "2400"]

1.Nf3 Nf6 2.g3 g6 3.c4 Bg7 4.Bg2 O-O 5.O-O c5 6.d4 Nc6 7.Nc3 d6 8.e3 Bf5
9.b3 Qc8 10.Bb2 Bg4 11.Qd2 Ne8 12.d5 Nd8 13.Ne1 a6 14.Nd3 Rb8 15.a4 Nc7 16.a5 Bh3
17.e4 Bxg2 18.Kxg2 e5 19.f4 f6 20.Na4 Nf7 21.Rae1 Na8 22.b4 cxb4 23.Qxb4 b5
24.axb6 Nxb6 25.Nxb6 Qc7 26.c5 dxc5 27.Qxc5 Qxb6 28.Qxb6 Rxb6 29.fxe5 fxe5
30.Ba1 Rb5 31.Rc1 Nd6 32.Rxf8+ Kxf8 33.Nc5 Bh6 34.Rc2 Rb4 35.Re2 Nc4 36.Nd7+ Ke8
37.Nxe5 Ne3+ 38.Kh3 Rxe4 39.d6 Ra4 40.d7+  1-0

[Event "FRG-ch International"]
[Site "Dortmund"]
[Date "1973.??.??"]
[Round "13"]
[White "Keene, Raymond D"]
[Black "Marovic, Drazen"]
[Result "1/2-1/2"]
[WhiteElo "2435"]
[BlackElo "2465"]

1.Nf3 Nf6 2.g3 g6 3.c4 Bg7 4.Bg2 O-O 5.d4 d6 6.O-O Nbd7 7.Nc3 e5 8.e4 Re8
9.h3 exd4 10.Nxd4 Nc5 11.Re1 a5 12.Qc2 c6 13.Bf4 Nfd7 14.Nb3 Be5 15.Be3  1/2-1/2

[Event "DSV-Turnier"]
[Site "Leipzig"]
[Date "1973.??.??"]
[Round "13"]
[White "Schmidt, Wlodzimierz"]
[Black "Hennings, Artur"]
[Result "1-0"]
[WhiteElo "2455"]
[BlackElo "2435"]

1.Nf3 Nf6 2.g3 g6 3.Bg2 Bg7 4.c4 O-O 5.Nc3 d6 6.O-O e5 7.d4 Nbd7 8.e4 Re8
9.h3 exd4 10.Nxd4 Nc5 11.Re1 a5 12.Qc2 a4 13.Be3 c6 14.Rab1 Bd7 15.Nde2 Qa5
16.b4 axb3 17.axb3 Qc7 18.Red1 Bc8 19.b4 Ncd7 20.Qb3 Bf8 21.Rd2 Ne5 22.f4 Ned7
23.Bf2 c5 24.b5 Nb6 25.Rc1 Be6 26.Nd1 Ra4 27.Ne3 Rea8 28.Qc3 Bg7 29.Qd3 Ne8
30.f5 Bc8 31.Nf4 Nd7 32.Ned5 Qd8 33.Qe2 Ne5 34.g4 b6 35.h4 h6 36.Rdc2 Ra3
37.Rf1 Ra1 38.Rxa1 Rxa1+ 39.Kh2 Bb7 40.fxg6 Bxd5 41.exd5 fxg6 42.Ne6 Qf6
43.g5 hxg5 44.hxg5 Qf5 45.Be4 Qf7 46.Kg2 Bh8 47.Ra2 Rxa2 48.Qxa2 Nc7 49.Be3 Ng4
50.Bc1 Qh7 51.Bf4 Be5 52.Qd2 Ne8 53.Kg3 Ng7 54.Qa2 Nxe6 55.dxe6 Qh5 56.Qa8+ Kh7
57.Qb7+ Bg7 58.Bf3 Qh2+ 59.Kxg4 Qg1+ 60.Bg3  1-0

[Event "CSR-ch"]
[Site "Luhacovice"]
[Date "1973.??.??"]
[Round "11"]
[White "Doda, Zbigniew"]
[Black "Banas, Jan"]
[Result "1-0"]
[WhiteElo "2390"]
[BlackElo "2365"]

1.Nf3 Nf6 2.c4 g6 3.g3 Bg7 4.Bg2 O-O 5.Nc3 d6 6.d4 Nc6 7.O-O Bg4 8.d5 Na5
9.b3 c5 10.Bb2 a6 11.Nd2 Qd7 12.Qc2 b5 13.e4 Bh3 14.Nd1 Bxg2 15.Kxg2 e5 16.Ne3 Nh5
17.Qd1 Bh6 18.Qe2 Qe8 19.cxb5 axb5 20.a4 Rb8 21.Bc3 b4 22.Bb2 f5 23.Nec4 Nxc4
24.Nxc4 f4 25.Qg4 f3+ 26.Kh1 Rf6 27.a5 Ra8 28.Rfd1 Bf8 29.Bc1 Ng7 30.Bg5 h5
31.Qh3 Rf7 32.Rd3 Be7 33.Qh4 Bf8 34.Rg1 Qb5 35.Re3 Rxa5 36.Nxa5 Qxa5 37.g4 c4
38.gxh5 Nxh5 39.Bd8 Qa2 40.Qxh5 Qxf2 41.Qxg6+ Bg7 42.Ree1 c3 43.Ra1 c2  1-0

[Event "Netanya-B"]
[Site "Netanya"]
[Date "1973.??.??"]
[Round "4"]
[White "Cnaan, Moshe"]
[Black "Ginsberger, Alexander"]
[Result "0-1"]
[WhiteElo "2200"]
[BlackElo "2200"]

1.Nf3 Nf6 2.c4 g6 3.g3 Bg7 4.Bg2 O-O 5.d4 d6 6.O-O Nbd7 7.Nc3 e5 8.h3 c6
9.Qc2 Re8 10.dxe5 dxe5 11.Rd1 Qe7 12.b3 Nh5 13.a4 f5 14.Ba3 Nc5 15.e4 f4
16.g4 Nf6 17.a5 Rb8 18.b4 Ne6 19.b5 c5 20.Nd5 Qf8 21.Rab1 b6 22.axb6 axb6
23.g5 Nxd5 24.cxd5 Nd4 25.Qd3 Qe7 26.h4 h6 27.gxh6 Bxh6 28.Nxd4 exd4 29.Re1 Qxh4
30.d6 Re5 31.Ra1 Be6 32.Bb2 Rg5 33.Kf1 f3 34.Bxf3 Rf8  0-1

[Event "Petropolis Interzonal"]
[Site "Petropolis"]
[Date "1973.??.??"]
[Round "17"]
[White "Mecking, Henrique"]
[Black "Ljubojevic, Ljubomir"]
[Result "1/2-1/2"]
[WhiteElo "2575"]
[BlackElo "2570"]

1.c4 Nf6 2.Nf3 g6 3.g3 Bg7 4.Bg2 O-O 5.O-O c5 6.Nc3 Nc6 7.d4 cxd4 8.Nxd4 Nxd4
9.Qxd4 d6 10.Qd3 Bf5 11.e4 Be6 12.Bd2 Nd7 13.b3  1/2-1/2

[Event "ARG-ch"]
[Site "Santa Fe"]
[Date "1973.??.??"]
[Round "13"]
[White "Debarnot, Roberto"]
[Black "Garcia, Raimundo"]
[Result "1/2-1/2"]
[WhiteElo "2405"]
[BlackElo "2455"]

1.Nf3 Nf6 2.c4 g6 3.g3 Bg7 4.Bg2 O-O 5.O-O d6 6.d4 Nc6 7.Nc3 Bg4 8.h3 Bxf3
9.exf3 d5 10.f4 e6 11.cxd5 Nxd5 12.Nxd5 exd5 13.Qb3 Nxd4 14.Qxb7 c6 15.Kh2 Nc2
16.Rb1 Qb6 17.Qxb6 axb6 18.a3 Rfe8 19.Kg1 Rad8 20.b4 Nd4 21.Bb2 Re2 22.Rfc1 Rde8
23.Rd1 Rxb2 24.Rxb2 Ne2+ 25.Rxe2 Rxe2 26.Rd3 Rb2 27.Bf3 Kf8 28.Kg2 Ke7 29.h4 Kd6
30.h5 b5 31.hxg6 hxg6 32.Bg4 Rc2 33.Bd1 Rc3 34.Re3 Bd4 35.Rxc3 Bxc3 36.Kf3 Bb2
37.a4 Bc3 38.axb5 cxb5 39.f5 gxf5 40.Bc2 Bxb4 41.Bxf5 Kc5 42.Ke2 Bc3 43.Kd3 Bd4
44.f4 Bf2 45.g4 Bg3 46.g5 Bxf4 47.g6 fxg6 48.Bxg6  1/2-1/2

[Event "Stary Smokovec"]
[Site "Stary Smokovec"]
[Date "1973.??.??"]
[Round "2"]
[White "Vadasz, Laszlo"]
[Black "Banas, Jan"]
[Result "1-0"]
[WhiteElo "2405"]
[BlackElo "2360"]

1.c4 Nf6 2.Nf3 g6 3.g3 Bg7 4.Bg2 O-O 5.O-O d6 6.d4 Nc6 7.Nc3 Bg4 8.d5 Na5
9.Nd2 c5 10.Qc2 e5 11.b3 a6 12.Bb2 Rb8 13.Rae1 Qd7 14.Nd1 b5 15.Bc3 b4 16.Bb2 Nh5
17.e4 Bh3 18.Ne3 Bh6 19.Qd1 Bxg2 20.Nxg2 f6 21.f4 Ng7 22.Nf3 Ne8 23.h4 Qg4
24.Qd3 Nb7 25.f5 gxf5 26.Nh2 Qg6 27.exf5 Qf7 28.Rf3 a5 29.g4 a4 30.Rg3 Bg7
31.Ne3 axb3 32.axb3 Ra8 33.Nf3 Qe7 34.Nd2 Nc7 35.Ne4 Ra2 36.Re2 Rfa8 37.Reg2 Kf8
38.Qd1 Ke8 39.g5 Kd8 40.Qh5 Ne8 41.Qxh7 Na5 42.Ng4 Ra7 43.Qg6  1-0

[Event "URS-JUG"]
[Site "Tbilisi"]
[Date "1973.??.??"]
[Round "1"]
[White "Panchenko, Alexander N"]
[Black "Marjanovic, Slavoljub"]
[Result "1/2-1/2"]
[WhiteElo "2385"]
[BlackElo "2300"]

1.c4 Nf6 2.g3 g6 3.Bg2 Bg7 4.Nf3 O-O 5.O-O d6 6.d4 Nc6 7.d5 Na5 8.Nfd2 c5
9.Nc3 e5 10.b3 b6 11.Bb2 Ne8 12.e4 f5 13.exf5 gxf5 14.Qc2 Bd7 15.Rae1 a6
16.f4 e4 17.g4 fxg4 18.Ncxe4 Bf5 19.Bxg7 Nxg7 20.Qc3 h6 21.Re2 Ra7 22.b4 Nb7
23.a3 cxb4 24.axb4 a5 25.bxa5 bxa5 26.Rfe1 a4 27.Qc1 Ra6 28.c5 Nxc5 29.Nxc5 dxc5
30.Qc4 Raf6 31.Qxa4 Qd6 32.Re5 Bd7 33.Qa1 Rxf4 34.Ne4 Qg6 35.Re7 R4f7 36.d6 Nf5
37.Rxf7 Rxf7 38.Qe5 Kh7 39.Qxc5 g3 40.hxg3 Nxg3  1/2-1/2

[Event "IBM"]
[Site "Amsterdam"]
[Date "1974.??.??"]
[Round "8"]
[White "Kaplan, Julio P"]
[Black "Donner, Jan Hein"]
[Result "1/2-1/2"]
[WhiteElo "2460"]
[BlackElo "2495"]

1.c4 Nf6 2.Nf3 g6 3.g3 Bg7 4.Bg2 O-O 5.d4 d6 6.Nc3 Nbd7 7.O-O e5 8.e4 Re8
9.d5 Nc5 10.Re1 a5 11.b3 Nfd7 12.Qc2 Nf8 13.Be3 f5 14.exf5 gxf5 15.Ng5 e4
16.Rad1 a4 17.b4 Nd3 18.Rxd3 exd3 19.Qxd3 h6 20.Ne6 Nxe6 21.dxe6 c6 22.Qxf5 Bxe6
23.Qd3 Qe7 24.b5 Rac8 25.bxc6 bxc6 26.Nxa4  1/2-1/2

[Event "Arrecife de Lanzarote"]
[Site "Arrecife de Lanzarote"]
[Date "1974.??.??"]
[Round "2"]
[White "Olafsson, Fridrik"]
[Black "Zuckerman, Bernard"]
[Result "1/2-1/2"]
[WhiteElo "2570"]
[BlackElo "2455"]

1.Nf3 Nf6 2.c4 g6 3.g3 Bg7 4.Bg2 O-O 5.O-O c5 6.d4 Nc6 7.Nc3 cxd4 8.Nxd4 Nxd4
9.Qxd4 d6 10.Qd3 a6 11.Be3 Ng4 12.Bd4 Ne5 13.Qd1 Rb8 14.Rc1 Be6 15.Nd5 b5
16.cxb5 Bxd5 17.Bxd5 axb5 18.e3 e6 19.Bg2 d5 20.Qe2 Qa5 21.b3 Rfc8 22.Rfd1 Nc6
23.Bxg7 Kxg7 24.Qb2+ Kg8 25.a3 Ne7 26.e4 dxe4 27.Bxe4 Rxc1 28.Rxc1 Rc8 29.b4 Qd8
30.Rc5 Qd1+ 31.Kg2 Qe1 32.Qb1 Qxb1 33.Bxb1 Ra8 34.Rxb5 Rxa3 35.Be4 Rb3  1/2-1/2